000 00269nam a2200121 a 4500
008 130429s1989|||| d
100 1 _aBrunovská,S.
245 1 0 _aŠijeme deťom
260 _bAlfa
_aBratislava
_c1989
020 _c0
041 _aslo
044 _axo
_cSK
999 _c20249
_d20249